[Event "FAI-chT 1516"]
[Site "Faroe Islands"]
[Date "2016.03.12"]
[Round "7.2"]
[White "Berg, Runar"]
[Black "Thomsen, Jonfinn"]
[Result "1-0"]
[WhiteElo "2114"]
[BlackElo "1901"]
[PlyCount "67"]
[EventDate "2015.10.25"]
[EventType "team-tourn"]
[EventRounds "10"]
[EventCountry "FAI"]
[SourceTitle "EXT 2017"]
[Source "ChessBase"]
[SourceDate "2016.10.25"]
[SourceVersion "1"]
[SourceVersionDate "2016.10.25"]
[SourceQuality "1"]
[WhiteTeam "Klaksvik"]
[BlackTeam "Sandavagur II"]
[WhiteTeamCountry "FAI"]
[BlackTeamCountry "FAI"]

1. d4 e6 2. c4 d5 3. Nc3 f5 4. Nf3 c6 5. e3 Nf6 6. Bd3 Be7 7. Qc2 0-0 8. cxd5 cxd5 9. 0-0 Nc6 10. a3 a6 11. b4 Bd7 12. Na4 Ne4 13. Nc5 Nxc5 14. bxc5 Bf6 15. Rb1 Qc7 16. Bd2 Ne7 17. Qb3 Bc6 18. Bc3 Kh8 19. Qb6 Qd7 20. Nd2 Ng6 21. f4 Bd8 22. Qb3 Ne7 23. Qd1 Bc7 24. Rf3 Ng8 25. Rh3 Nf6 26. Nf3 Kg8 27. Ne5 Bxe5 28. dxe5 Ne4 29. Bxe4 fxe4 30. Rb6 Qe7 31. Bd4 Qd7 32. Qh5 g6 33. Qh4 Qd8 34. Qxh7# 1-0

[Event "Reykjavik op"]
[Site "Reykjavik"]
[Date "2014.03.10"]
[Round "8"]
[White "Berg, Runar"]
[Black "Stefansson, Vignir Vatnar"]
[Result "1/2-1/2"]
[WhiteElo "2117"]
[BlackElo "1844"]
[PlyCount "174"]
[EventDate "2014.03.04"]
[EventType "swiss"]
[EventRounds "10"]
[EventCountry "ISL"]
[SourceTitle "CBM 159 Extra"]
[Source "ChessBase"]
[SourceDate "2014.04.24"]
[SourceVersion "1"]
[SourceVersionDate "2014.04.24"]
[SourceQuality "1"]

1. d4 Nf6 2. c4 e6 3. Nc3 Bb4 4. Qc2 0-0 5. e4 d5 6. e5 Ne4 7. Bd3 f5 8. exf6 Nxf6 9. Nf3 c5 10. Bg5 h6 11. Bh4 cxd4 12. Bh7+ Kh8 13. Ne5 dxc3 14. 0-0 Nc6 15. Ng6+ Kxh7 16. Nxf8+ Kg8 17. Nh7 Be7 18. Bxf6 Bxf6 19. Nxf6+ Qxf6 20. bxc3 Ne5 21. cxd5 exd5 22. Qb3 Nc4 23. Rad1 Qc6 24. Rd4 Be6 25. Qb1 Rf8 26. Qg6 Bf5 27. Qg3 Be4 28. Re1 Nd6 29. Rdd1 Bc2 30. Rc1 Ne4 31. Qe3 Rxf2 32. Rf1 Rxf1+ 33. Rxf1 Qc5 34. Qxc5 Nxc5 35. Kf2 Bd3 36. Re1 Kf7 37. Ke3 Bc4 38. Kd4 Ne6+ 39. Ke5 Nc7 40. Rb1 b6 41. a4 Ke7 42. a5 b5 43. Rb2 Kd7 44. Rf2 Ke7 45. h4 Ne6 46. g3 Nc5 47. Rf3 Nb3 48. a6 Nc5 49. Kd4 Nxa6 50. Re3+ Kd6 51. Re8 Nc7 52. Rd8+ Kc6 53. Ke5 Bd3 54. Rd6+ Kb7 55. Rd7 Kc6 56. Rd6+ Kb7 57. Rd7 d4 58. Kd6 dxc3 59. Rxc7+ Kb6 60. Rc6+ Ka5 61. Rxc3 Bc4 62. Kc5 Ka4 63. Rc1 Kb3 64. Ra1 g5 65. hxg5 hxg5 66. Rxa7 g4 67. Re7 Bd3 68. Kd4 Kc2 69. Re3 Bf1 70. Re1 Bd3 71. Rh1 Kd2 72. Rh8 Bc4 73. Re8 Be2 74. Ra8 Bc4 75. Rh8 Bd3 76. Rh6 Bc4 77. Rg6 Be2 78. Rg7 Bf3 79. Ra7 b4 80. Ra2+ Kc1 81. Rf2 Bd1 82. Kc4 b3 83. Kc3 Bc2 84. Rf1+ Bd1 85. Rf2 Bc2 86. Rf1+ Bd1 87. Rf2 Bc2 1/2-1/2

[Event "Reykjavik op"]
[Site "Reykjavik"]
[Date "2014.03.06"]
[Round "4"]
[White "Berg, Runar"]
[Black "Nordquelle, Daniel"]
[Result "1-0"]
[WhiteElo "2117"]
[BlackElo "1654"]
[PlyCount "71"]
[EventDate "2014.03.04"]
[EventType "swiss"]
[EventRounds "10"]
[EventCountry "ISL"]
[SourceTitle "CBM 159 Extra"]
[Source "ChessBase"]
[SourceDate "2014.04.24"]
[SourceVersion "1"]
[SourceVersionDate "2014.04.24"]
[SourceQuality "1"]

1. d4 e6 2. c4 f5 3. g3 Nf6 4. Nf3 Bb4+ 5. Bd2 Bxd2+ 6. Nbxd2 0-0 7. Bg2 d6 8. 0-0 Nc6 9. d5 exd5 10. cxd5 Ne7 11. Qb3 Nexd5 12. Nd4 c6 13. e4 fxe4 14. Nxe4 Kh8 15. Ng5 Qe8 16. Rae1 Qg6 17. f4 Nb6 18. Nde6 Bxe6 19. Rxe6 d5 20. Re7 Rab8 21. Qb4 Rfe8 22. Nf7+ Kg8 23. Ne5 Qc2 24. Qd6 Rxe7 25. Qxe7 h6 26. Qe6+ Kh7 27. Bh3 Qc5+ 28. Kh1 Qf8 29. Bf5+ g6 30. Nxg6 Qg7 31. Ne5+ Kh8 32. Nf7+ Kg8 33. Nxh6+ Kh8 34. Nf7+ Kg8 35. Ne5+ Kh8 36. Bg6 1-0